| 000 | 00406 a2200157 4500 | ||
|---|---|---|---|
| 001 | 171099 | ||
| 020 | _a | ||
| 040 | _cMagnum | ||
| 100 | _aAquino, Rubim Santos Leao de | ||
| 240 | 1 | 0 |
_aFazenso a historia: da pre-historia ao mundo feudal _lpor |
| 245 | 1 | 0 | _aFazenso a historia: da pre-historia ao mundo feudal |
| 362 | 0 | _a1899 | |
| 440 | 1 | _aAo Livro Técnico | |
| 697 | _aPARADIDATICO | ||
| 942 | _cBK | ||
| 999 |
_c171099 _d171099 |
||